000 00697nam a2200265Ia 4500
003 OSt
005 20221007101252.0
006 a|||||r|||| 00| 0
007 ta
008 221006b |||||||| |||| 00| 0 eng d
024 _a6,144
037 _cTextual
040 _aLCO
_cLCO
_beng
041 _2eng
_aeng
082 _aZ2,2,6qN25, L3
100 _aSEN A C
_9256741
245 0 _aB. B.Mitra's Indian succession Act.
250 _a10
260 _aCalcutta
_bEastern Law House
_c1973
300 _a522`
650 _aSUCCESSION ACT
_9701582
700 _a MITRA S D
_9702487
942 _hZ2,2,6qN25, L3
_cTEXL
999 _c1175707
_d1175707